中国声母f开头的城市(城市点位地图版) - Statistics

General Stats
  • This quiz has been taken 13 times
  • The average score is 14 of 20
Answers on the Map
Answers color-coded by a green-red scale on the quiz's map according to % correct below.
 
Answer Stats
省级行政区 城市 % Correct
黑龙江省 抚远市
100%
安徽省 阜阳市
100%
福建省 福州市
100%
福建省 福清市
100%
江西省 抚州市
100%
广东省 佛山市
100%
辽宁省 抚顺市
90%
山西省 汾阳市
80%
辽宁省 阜新市
80%
广西壮族自治区 防城港市
80%
黑龙江省 富锦市
70%
福建省 福安市
70%
福建省 福鼎市
70%
贵州省 福泉市
60%
山东省 肥城市
50%
新疆维吾尔自治区 阜康市
50%
内蒙古自治区 丰镇市
40%
吉林省 扶余市
40%
辽宁省 凤城市
30%
江西省 丰城市
20%
No matching quizzes found
Score Distribution
Percent of People with Each Score
Percentile by Number Answered
Your Score History
You have not taken this quiz